[Event "Stay Safe Play From Home 409"]
[Site "Emanuel Lasker Arena"]
[Date "2020.08.25"]
[Round "2"]
[White "lazieri3"]
[Black "NTBT_DHS"]
[Result "0-1"]
[WhiteElo "1924"]
[BlackElo "2574"]
[PlyCount "100"]
[EventDate "2020.08.25"]
[EventType "swiss (blitz)"]

1. e4 {[%emt 0:00:02]} g6 {[%emt 0:00:00]} 2. Nc3 {[%emt 0:00:00]} Bg7 {[%emt 0:00:00]} 3. d4 {[%emt 0:00:00]} d6 {[%emt 0:00:00]} 4. Be3 {[%emt 0:00:01]} Nd7 {[%emt 0:00:00]} 5. Qd2 {[%emt 0:00:01]} a6 {[%emt 0:00:00]} 6. f3 {[%emt 0:00:01]} c5 {[%emt 0:00:01]} 7. dxc5 {[%emt 0:00:01]} Nxc5 {[%emt 0:00:01]} 8. Bxc5 {[%emt 0:00:02]} dxc5 {[%emt 0:00:00]} 9. Qxd8+ {[%emt 0:00:01]} Kxd8 {[%emt 0:00:00]} 10. O-O-O+ {[%emt 0:00:00]} Ke8 {[%emt 0:00:04]} 11. Nge2 {[%emt 0:00:03]} Nf6 {[%emt 0:00:04]} 12. Nd5 {[%emt 0:00:01]} Nxd5 {[%emt 0:00:01]} 13. Rxd5 {[%emt 0:00:00]} b6 {[%emt 0:00:00]} 14. Ng3 {[%emt 0:00:04]} Be6 {[%emt 0:00:01]} 15. Rd1 {[%emt 0:00:03]} Rd8 {[%emt 0:00:01]} 16. Rxd8+ {[%emt 0:00:02]} Kxd8 {[%emt 0:00:00]} 17. Bxa6 {[%emt 0:00:01]} Bxa2 {[%emt 0:00:02]} 18. Rd1+ {[%emt 0:00:02]} Kc7 {[%emt 0:00:01]} 19. b3 {[%emt 0:00:05]} Rd8 {[%emt 0:00:05]} 20. Rxd8 {[%emt 0:00:03]} Kxd8 {[%emt 0:00:00]} 21. f4 {[%emt 0:00:01] lazieri3 offers a draw lazieri3 offers a draw lazieri3 offers a draw} Kc7 {[%emt 0:00:09]} 22. e5 {[%emt 0:00:02]} f6 {[%emt 0:00:00]} 23. Kb2 {[%emt 0:00:02]} fxe5 {[%emt 0:00:00]} 24. Kxa2 {[%emt 0:00:01]} exf4 {[%emt 0:00:00]} 25. Ne2 {[%emt 0:00:01]} Kc6 {[%emt 0:00:00]} 26. Bc4 {[%emt 0:00:02]} Be5 {[%emt 0:00:00]} 27. Bg8 {[%emt 0:00:03]} h6 {[%emt 0:00:00]} 28. Bh7 {[%emt 0:00:01]} g5 {[%emt 0:00:01]} 29. Be4+ {[%emt 0:00:00]} Kd6 {[%emt 0:00:01]} 30. h3 {[%emt 0:00:00]} Bg7 {[%emt 0:00:01]} 31. c4 {[%emt 0:00:01]} Ke5 {[%emt 0:00:01]} 32. Bf3 {[%emt 0:00:01]} Kf5 {[%emt 0:00:01]} 33. Kb1 {[%emt 0:00:01]} Kg6 {[%emt 0:00:04]} 34. Kc2 {[%emt 0:00:01]} Kf5 {[%emt 0:00:01]} 35. Kd3 {[%emt 0:00:01]} e6 {[%emt 0:00:00]} 36. Nc3 {[%emt 0:00:01]} Bd4 {[%emt 0:00:02]} 37. Ne4 {[%emt 0:00:01]} Kg6 {[%emt 0:00:01]} 38. Nd6 {[%emt 0:00:01]} Be5 {[%emt 0:00:01]} 39. Ne4 {[%emt 0:00:00]} Bc7 {[%emt 0:00:01]} 40. Bg4 {[%emt 0:00:01]} Kf7 {[%emt 0:00:01]} 41. Bf3 {[%emt 0:00:00]} Kg6 {[%emt 0:00:01]} 42. Bg4 {[%emt 0:00:00]} e5 {[%emt 0:00:00]} 43. Bf3 {[%emt 0:00:00]} h5 {[%emt 0:00:00]} 44. g4 {[%emt 0:00:03]} fxg3 {[%emt 0:00:01]} 45. Nxg3 {[%emt 0:00:01]} g4 {[%emt 0:00:02]} 46. hxg4 {[%emt 0:00:01]} h4 {[%emt 0:00:00]} 47. Nf5 {[%emt 0:00:01]} h3 {[%emt 0:00:00]} 48. Ne7+ {[%emt 0:00:01]} Kg5 {[%emt 0:00:01]} 49. Nd5 {[%emt 0:00:00]} Bd8 {[%emt 0:00:02]} 50. Nc7 {[%emt 0:00:00]} Bxc7 {[%emt 0:00:01] Time Time Time (Lag: Av=0.66s, max=2.4s) (Lag: Av=0.66s, max=2.4s) (Lag: Av=0.66s, max=2.4s)} 0-1

[Event "Stay Safe Play From Home 409"]
[Site "Emanuel Lasker Arena"]
[Date "2020.08.25"]
[Round "2"]
[White "Klasman"]
[Black "Stefanone"]
[Result "0-1"]
[WhiteElo "1321"]
[BlackElo "2033"]
[PlyCount "54"]
[EventDate "2020.08.25"]
[EventType "swiss (blitz)"]

1. f4 {[%emt 0:00:02]} d5 {[%emt 0:00:01]} 2. e3 {[%emt 0:00:01]} c6 {[%emt 0:00:00]} 3. Nf3 {[%emt 0:00:04]} Nf6 {[%emt 0:00:00]} 4. d4 {[%emt 0:00:01]} g6 {[%emt 0:00:00]} 5. c4 {[%emt 0:00:01]} Bg7 {[%emt 0:00:00]} 6. Qb3 {[%emt 0:00:01]} O-O {[%emt 0:00:00]} 7. Nc3 {[%emt 0:00:01]} Qb6 {[%emt 0:00:00]} 8. Bd2 {[%emt 0:00:01]} Qxb3 {[%emt 0:00:00]} 9. axb3 {[%emt 0:00:01]} Bf5 {[%emt 0:00:00]} 10. Be2 {[%emt 0:00:03]} a6 {[%emt 0:00:01]} 11. h3 {[%emt 0:00:01]} h5 {[%emt 0:00:01]} 12. Rg1 {[%emt 0:00:02]} e6 {[%emt 0:00:01]} 13. Ne5 {[%emt 0:00:02]} Ne4 {[%emt 0:00:01]} 14. Nxe4 {[%emt 0:00:02]} Bxe4 {[%emt 0:00:01]} 15. Bf3 {[%emt 0:00:04]} f5 {[%emt 0:00:01]} 16. Bxe4 {[%emt 0:00:02]} Bxe5 {[%emt 0:00:01]} 17. Bb4 {[%emt 0:00:02]} dxe4 {[%emt 0:00:02]} 18. Bxf8 {[%emt 0:00:06]} Kxf8 {[%emt 0:00:00]} 19. dxe5 {[%emt 0:00:04]} Nd7 {[%emt 0:00:00]} 20. Rd1 {[%emt 0:00:02]} Ke7 {[%emt 0:00:00]} 21. Rd6 {[%emt 0:00:01]} Nc5 {[%emt 0:00:01]} 22. b4 {[%emt 0:00:03]} Nd3+ {[%emt 0:00:00]} 23. Rxd3 {[%emt 0:00:05]} exd3 {[%emt 0:00:01]} 24. Kd2 {[%emt 0:00:01]} a5 {[%emt 0:00:00]} 25. Kxd3 {[%emt 0:00:01]} axb4 {[%emt 0:00:01]} 26. Kc2 {[%emt 0:00:03]} Ra2 {[%emt 0:00:00]} 27. Kb3 {[%emt 0:00:02]} Ra6 {[%emt 0:00:01] Time Time Time (Lag: Av=0.45s, max=0.6s) (Lag: Av=0.45s, max=0.6s) (Lag: Av=0.45s, max=0.6s)} 0-1

[Event "Stay Safe Play From Home 409"]
[Site "Emanuel Lasker Arena"]
[Date "2020.08.25"]
[Round "3"]
[White "NTBT_DHS"]
[Black "AChessPlayer"]
[Result "1-0"]
[WhiteElo "2574"]
[BlackElo "2405"]
[PlyCount "99"]
[EventDate "2020.08.25"]
[EventType "swiss (blitz)"]

1. d4 {[%emt 0:00:01]} Nf6 {[%emt 0:00:01]} 2. c4 {[%emt 0:00:00]} g6 {[%emt 0:00:00]} 3. Nf3 {[%emt 0:00:00]} Bg7 {[%emt 0:00:00]} 4. g3 {[%emt 0:00:00]} O-O {[%emt 0:00:00]} 5. Bg2 {[%emt 0:00:00]} d6 {[%emt 0:00:00]} 6. O-O {[%emt 0:00:00]} c6 {[%emt 0:00:00]} 7. Nc3 {[%emt 0:00:00]} Qa5 {[%emt 0:00:00]} 8. h3 {[%emt 0:00:02]} Be6 {[%emt 0:00:01]} 9. Qd3 {[%emt 0:00:03]} Qa6 {[%emt 0:00:01]} 10. b3 {[%emt 0:00:02]} d5 {[%emt 0:00:01]} 11. c5 {[%emt 0:00:03]} Qxd3 {[%emt 0:00:00]} 12. exd3 {[%emt 0:00:01]} Bf5 {[%emt 0:00:00]} 13. Rd1 {[%emt 0:00:01]} h6 {[%emt 0:00:03]} 14. g4 {[%emt 0:00:01]} Bc8 {[%emt 0:00:01]} 15. Bf4 {[%emt 0:00:00]} Nbd7 {[%emt 0:00:01]} 16. b4 {[%emt 0:00:00]} g5 {[%emt 0:00:02]} 17. Bg3 {[%emt 0:00:01]} a6 {[%emt 0:00:01]} 18. a4 {[%emt 0:00:01]} Re8 {[%emt 0:00:01]} 19. b5 {[%emt 0:00:00]} axb5 {[%emt 0:00:01]} 20. axb5 {[%emt 0:00:00]} Rxa1 {[%emt 0:00:00]} 21. Rxa1 {[%emt 0:00:00]} Nh7 {[%emt 0:00:05]} 22. bxc6 {[%emt 0:00:03]} bxc6 {[%emt 0:00:00]} 23. Ne5 {[%emt 0:00:02]} Bxe5 {[%emt 0:00:06]} 24. Bxe5 {[%emt 0:00:00]} f6 {[%emt 0:00:01]} 25. Bc7 {[%emt 0:00:01]} e5 {[%emt 0:00:03]} 26. dxe5 {[%emt 0:00:03]} Nxe5 {[%emt 0:00:01]} 27. d4 {[%emt 0:00:04]} Nc4 {[%emt 0:00:02]} 28. Ra8 {[%emt 0:00:01]} Bd7 {[%emt 0:00:01]} 29. Ra7 {[%emt 0:00:02]} Be6 {[%emt 0:00:01]} 30. Bg3 {[%emt 0:00:03]} Nf8 {[%emt 0:00:02]} 31. Rc7 {[%emt 0:00:01]} Rc8 {[%emt 0:00:01]} 32. Rb7 {[%emt 0:00:03]} Bf7 {[%emt 0:00:02]} 33. Na4 {[%emt 0:00:01]} Ra8 {[%emt 0:00:02]} 34. Nb6 {[%emt 0:00:01]} Ra1+ {[%emt 0:00:01]} 35. Kh2 {[%emt 0:00:00]} Nd2 {[%emt 0:00:00]} 36. Rc7 {[%emt 0:00:02]} Be8 {[%emt 0:00:02]} 37. Rc8 {[%emt 0:00:01]} Kf7 {[%emt 0:00:02]} 38. Rc7+ {[%emt 0:00:01]} Kg8 {[%emt 0:00:02]} 39. Nc8 {[%emt 0:00:00]} Ng6 {[%emt 0:00:01]} 40. Nd6 {[%emt 0:00:01]} Ra8 {[%emt 0:00:02]} 41. Nxe8 {[%emt 0:00:01]} Rxe8 {[%emt 0:00:00]} 42. Rxc6 {[%emt 0:00:00]} Nf4 {[%emt 0:00:01]} 43. Bxf4 {[%emt 0:00:01]} gxf4 {[%emt 0:00:00]} 44. Bxd5+ {[%emt 0:00:00]} Kf8 {[%emt 0:00:01]} 45. Rc7 {[%emt 0:00:00]} Re1 {[%emt 0:00:00]} 46. Rf7+ {[%emt 0:00:01]} Ke8 {[%emt 0:00:00]} 47. Rxf6 {[%emt 0:00:00]} Nf1+ {[%emt 0:00:00]} 48. Kg2 {[%emt 0:00:00]} Nd2 {[%emt 0:00:00]} 49. Re6+ {[%emt 0:00:00]} Kd8 {[%emt 0:00:00]} 50. Rxe1 {[%emt 0:00:01] AChessPlayer resigns AChessPlayer resigns AChessPlayer resigns (Lag: Av=0.69s, max=1.4s) (Lag: Av=0.69s, max=1.4s) (Lag: Av=0.69s, max=1.4s)} 1-0

[Event "Stay Safe Play From Home 409"]
[Site "Emanuel Lasker Arena"]
[Date "2020.08.25"]
[Round "3"]
[White "Hickey"]
[Black "Ao017545"]
[Result "1-0"]
[WhiteElo "2265"]
[BlackElo "1594"]
[Annotator "NA"]
[PlyCount "53"]
[EventDate "2020.08.25"]
[EventType "swiss (blitz)"]

1. Nf3 {[%emt 0:00:05]} e5 {[%emt 0:00:00]} 2. g3 {[%emt 0:00:00]} e4 {[%emt 0:00:01]} 3. Ng1 {[%emt 0:00:01]} Bc5 {[%emt 0:00:02]} 4. d3 {[%emt 0:00:00]} Qf6 {[%emt 0:00:01]} 5. e3 {[%emt 0:00:02]} d5 {[%emt 0:00:03]} 6. Bg2 {[%emt 0:00:01]} Nh6 {[%emt 0:00:02]} 7. Nc3 {[%emt 0:00:04]} Bg4 {[%emt 0:00:01]} 8. Nge2 {[%emt 0:00:02]} exd3 {[%emt 0:00:02]} 9. cxd3 {[%emt 0:00:02]} Nc6 {[%emt 0:00:01]} 10. Nxd5 {[%emt 0:00:01]} Qd6 {[%emt 0:00:09]} 11. O-O {[%emt 0:00:02]} O-O-O {[%emt 0:00:02]} 12. Ndc3 {[%emt 0:00:03]} Ne5 {[%emt 0:00:02]} 13. d4 {[%emt 0:00:02]} Nf3+ {[%emt 0:00:03]} 14. Kh1 {[%emt 0:00:01]} Bb6 {[%emt 0:00:07]} 15. h3 {[%emt 0:00:03]} Nf5 {[%emt 0:00:12]} 16. Nf4 {[%emt 0:00:09]} g5 {[%emt 0:00:04]} 17. Bxf3 {[%emt 0:00:02]} Bxf3+ {[%emt 0:00:02]} 18. Qxf3 {[%emt 0:00:00]} gxf4 {[%emt 0:00:00]} 19. Qxf4 {[%emt 0:00:01]} Qxf4 {[%emt 0:00:02]} 20. gxf4 {[%emt 0:00:00]} Nh4 {[%emt 0:00:00]} 21. Ne4 {[%emt 0:00:06]} Nf3 {[%emt 0:00:00]} 22. Ng5 {[%emt 0:00:01]} Rhg8 {[%emt 0:00:00]} 23. Nxf3 {[%emt 0:00:01]} f5 {[%emt 0:00:01]} 24. Bd2 {[%emt 0:00:01]} Rg7 {[%emt 0:00:00]} 25. Bc3 {[%emt 0:00:01]} Rdg8 {[%emt 0:00:00]} 26. Rg1 {[%emt 0:00:00]} Rxg1+ {[%emt 0:00:01]} 27. Rxg1 {[%emt 0:00:00] Zaman Zaman Zaman (Lag: Av=1.11s, max=1.6s) (Lag: Av=1.11s, max=1.6s) (Lag: Av=1.11s, max=1.6s)} 1-0

[Event "Stay Safe Play From Home 409"]
[Site "Emanuel Lasker Arena"]
[Date "2020.08.25"]
[Round "3"]
[White "Nguyen Hong Anh"]
[Black "IceQueen"]
[Result "0-1"]
[WhiteElo "2259"]
[BlackElo "2273"]
[PlyCount "108"]
[EventDate "2020.08.25"]
[EventType "swiss (blitz)"]

1. d4 {[%emt 0:00:02]} d6 {[%emt 0:00:00]} 2. c4 {[%emt 0:00:00]} Nf6 {[%emt 0:00:00]} 3. Nf3 {[%emt 0:00:01]} g6 {[%emt 0:00:00]} 4. g3 {[%emt 0:00:00]} Bg7 {[%emt 0:00:00]} 5. Bg2 {[%emt 0:00:01]} O-O {[%emt 0:00:00]} 6. O-O {[%emt 0:00:01]} Nbd7 {[%emt 0:00:00]} 7. Nc3 {[%emt 0:00:01]} e5 {[%emt 0:00:00]} 8. e4 {[%emt 0:00:00]} exd4 {[%emt 0:00:00]} 9. Nxd4 {[%emt 0:00:01]} Re8 {[%emt 0:00:00]} 10. h3 {[%emt 0:00:01]} Nc5 {[%emt 0:00:00]} 11. Re1 {[%emt 0:00:01]} a5 {[%emt 0:00:00]} 12. Be3 {[%emt 0:00:01]} Ncxe4 {[%emt 0:00:02]} 13. Nxe4 {[%emt 0:00:03]} Nxe4 {[%emt 0:00:00]} 14. Qc2 {[%emt 0:00:00]} Nc5 {[%emt 0:00:02]} 15. Rad1 {[%emt 0:00:00]} Bd7 {[%emt 0:00:01]} 16. a3 {[%emt 0:00:02]} a4 {[%emt 0:00:01]} 17. Qc1 {[%emt 0:00:02]} Qc8 {[%emt 0:00:02]} 18. Kh2 {[%emt 0:00:02]} Re5 {[%emt 0:00:02]} 19. Bf4 {[%emt 0:00:01]} Rh5 {[%emt 0:00:01]} 20. h4 {[%emt 0:00:04]} h6 {[%emt 0:00:02]} 21. Nf3 {[%emt 0:00:01]} Bf5 {[%emt 0:00:05]} 22. Be3 {[%emt 0:00:01]} Nd3 {[%emt 0:00:01]} 23. Rxd3 {[%emt 0:00:01]} Bxd3 {[%emt 0:00:00]} 24. Qd2 {[%emt 0:00:01]} Bf5 {[%emt 0:00:01]} 25. Nd4 {[%emt 0:00:00]} Bg4 {[%emt 0:00:03]} 26. f3 {[%emt 0:00:01]} Bd7 {[%emt 0:00:01]} 27. Kg1 {[%emt 0:00:01]} c5 {[%emt 0:00:02]} 28. Ne2 {[%emt 0:00:01]} Ra6 {[%emt 0:00:01]} 29. Nf4 {[%emt 0:00:01]} Re5 {[%emt 0:00:02]} 30. Nd3 {[%emt 0:00:01]} Re8 {[%emt 0:00:02]} 31. Bxh6 {[%emt 0:00:02]} Rxe1+ {[%emt 0:00:05]} 32. Nxe1 {[%emt 0:00:01]} Qe8 {[%emt 0:00:00]} 33. Nd3 {[%emt 0:00:01]} Rb6 {[%emt 0:00:01]} 34. Bxg7 {[%emt 0:00:01]} Kxg7 {[%emt 0:00:00]} 35. Nf4 {[%emt 0:00:00]} Qe5 {[%emt 0:00:01]} 36. Kh2 {[%emt 0:00:00]} Be6 {[%emt 0:00:01]} 37. Nd3 {[%emt 0:00:01]} Qd4 {[%emt 0:00:01]} 38. Qc2 {[%emt 0:00:01]} Bxc4 {[%emt 0:00:01]} 39. Nf4 {[%emt 0:00:02]} Rxb2 {[%emt 0:00:01]} 40. Qc1 {[%emt 0:00:01]} Be6 {[%emt 0:00:02]} 41. Nxe6+ {[%emt 0:00:01]} fxe6 {[%emt 0:00:01]} 42. Qg5 {[%emt 0:00:00]} Qf6 {[%emt 0:00:01]} 43. Qe3 {[%emt 0:00:01]} Ra2 {[%emt 0:00:01]} 44. Qe4 {[%emt 0:00:01]} Qb2 {[%emt 0:00:02]} 45. f4 {[%emt 0:00:02]} d5 {[%emt 0:00:01]} 46. Qf3 {[%emt 0:00:02]} Rxa3 {[%emt 0:00:00]} 47. Qg4 {[%emt 0:00:01]} Ra2 {[%emt 0:00:00]} 48. Qf3 {[%emt 0:00:01]} a3 {[%emt 0:00:01]} 49. Kh3 {[%emt 0:00:01]} Qxg2+ {[%emt 0:00:00]} 50. Qxg2 {[%emt 0:00:01]} Rxg2 {[%emt 0:00:00]} 51. Kxg2 {[%emt 0:00:00]} a2 {[%emt 0:00:00]} 52. Kf3 {[%emt 0:00:00]} a1=Q {[%emt 0:00:00]} 53. Kg4 {[%emt 0:00:00]} Qd1+ {[%emt 0:00:00]} 54. Kg5 {[%emt 0:00:01]} Qh5# {[%emt 0:00:00] (Lag: Av=0.97s, max=1.4s) (Lag: Av=0.97s, max=1.4s) (Lag: Av=0.97s, max=1.4s)} 0-1

[Event "Stay Safe Play From Home 409"]
[Site "Emanuel Lasker Arena"]
[Date "2020.08.25"]
[Round "3"]
[White "TheCHESSHOUSE"]
[Black "Klasman"]
[Result "1-0"]
[WhiteElo "2114"]
[BlackElo "1321"]
[PlyCount "49"]
[EventDate "2020.08.25"]
[EventType "swiss (blitz)"]

1. d4 {[%emt 0:00:02]} f5 {[%emt 0:00:01]} 2. c4 {[%emt 0:00:00]} Nf6 {[%emt 0:00:01]} 3. Nf3 {[%emt 0:00:01]} e6 {[%emt 0:00:01]} 4. Nc3 {[%emt 0:00:01]} Bb4 {[%emt 0:00:02]} 5. Bd2 {[%emt 0:00:01]} c5 {[%emt 0:00:02]} 6. e3 {[%emt 0:00:02]} Nc6 {[%emt 0:00:01]} 7. a3 {[%emt 0:00:01]} Bxc3 {[%emt 0:00:01]} 8. Bxc3 {[%emt 0:00:00]} Ne4 {[%emt 0:00:01]} 9. Bd3 {[%emt 0:00:02]} cxd4 {[%emt 0:00:02]} 10. exd4 {[%emt 0:00:01]} g5 {[%emt 0:00:02]} 11. Ne5 {[%emt 0:00:06]} Nxe5 {[%emt 0:00:02]} 12. dxe5 {[%emt 0:00:01]} g4 {[%emt 0:00:06]} 13. Bxe4 {[%emt 0:00:02]} fxe4 {[%emt 0:00:02]} 14. Qxg4 {[%emt 0:00:01]} Qe7 {[%emt 0:00:05]} 15. Qxe4 {[%emt 0:00:02]} d5 {[%emt 0:00:03]} 16. exd6 {[%emt 0:00:02]} Qxd6 {[%emt 0:00:01]} 17. Bxh8 {[%emt 0:00:02]} Bd7 {[%emt 0:00:03]} 18. Bc3 {[%emt 0:00:02]} O-O-O {[%emt 0:00:01]} 19. Rd1 {[%emt 0:00:02]} Qc7 {[%emt 0:00:04]} 20. O-O {[%emt 0:00:03]} Rg8 {[%emt 0:00:03]} 21. g3 {[%emt 0:00:02]} Bc6 {[%emt 0:00:01]} 22. Qxe6+ {[%emt 0:00:01]} Kb8 {[%emt 0:00:02]} 23. Qxg8+ {[%emt 0:00:01]} Qd8 {[%emt 0:00:05]} 24. Be5+ {[%emt 0:00:01]} Kc8 {[%emt 0:00:06]} 25. Qxd8# {[%emt 0:00:00] (Lag: Av=0.68s, max=0.8s) (Lag: Av=0.68s, max=0.8s) (Lag: Av=0.68s, max=0.8s)} 1-0

[Event "Stay Safe Play From Home 409"]
[Site "Emanuel Lasker Arena"]
[Date "2020.08.25"]
[Round "3"]
[White "Fat Kevin"]
[Black "Tran Minh Thang"]
[Result "0-1"]
[WhiteElo "2042"]
[BlackElo "2402"]
[PlyCount "94"]
[EventDate "2020.08.25"]
[EventType "swiss (blitz)"]

1. d4 {[%emt 0:00:00]} Nf6 {[%emt 0:00:00]} 2. c4 {[%emt 0:00:00]} e6 {[%emt 0:00:00]} 3. Nc3 {[%emt 0:00:00]} b6 {[%emt 0:00:00]} 4. Nf3 {[%emt 0:00:00]} Bb7 {[%emt 0:00:00]} 5. Bf4 {[%emt 0:00:01]} Bb4 {[%emt 0:00:01]} 6. e3 {[%emt 0:00:01]} Ne4 {[%emt 0:00:00]} 7. Qc2 {[%emt 0:00:01]} Bxc3+ {[%emt 0:00:01]} 8. bxc3 {[%emt 0:00:00]} f5 {[%emt 0:00:01]} 9. Bd3 {[%emt 0:00:01]} O-O {[%emt 0:00:00]} 10. O-O {[%emt 0:00:01]} d6 {[%emt 0:00:01]} 11. a4 {[%emt 0:00:03]} a5 {[%emt 0:00:01]} 12. Rab1 {[%emt 0:00:02]} Nd7 {[%emt 0:00:00]} 13. Nd2 {[%emt 0:00:06]} g5 {[%emt 0:00:01]} 14. Bg3 {[%emt 0:00:06]} Nxg3 {[%emt 0:00:01]} 15. hxg3 {[%emt 0:00:00]} Qf6 {[%emt 0:00:02]} 16. Qb3 {[%emt 0:00:02]} Kg7 {[%emt 0:00:02]} 17. e4 {[%emt 0:00:02]} f4 {[%emt 0:00:02]} 18. gxf4 {[%emt 0:00:01]} Qxf4 {[%emt 0:00:01]} 19. Rbd1 {[%emt 0:00:05]} g4 {[%emt 0:00:00]} 20. g3 {[%emt 0:00:03]} Qf6 {[%emt 0:00:02]} 21. Kg2 {[%emt 0:00:01]} Rf7 {[%emt 0:00:01]} 22. Qc2 {[%emt 0:00:02]} Raf8 {[%emt 0:00:01]} 23. Nb1 {[%emt 0:00:01]} Qf3+ {[%emt 0:00:01]} 24. Kg1 {[%emt 0:00:02]} Rf5 {[%emt 0:00:01]} 25. Qe2 {[%emt 0:00:01]} Rh5 {[%emt 0:00:06]} 26. Qxf3 {[%emt 0:00:03]} Rxf3 {[%emt 0:00:00]} 27. Kg2 {[%emt 0:00:02]} Rxd3 {[%emt 0:00:01]} 28. Rxd3 {[%emt 0:00:02]} Bxe4+ {[%emt 0:00:00]} 29. f3 {[%emt 0:00:01]} Bxd3 {[%emt 0:00:00]} 30. Rg1 {[%emt 0:00:01]} gxf3+ {[%emt 0:00:01]} 31. Kxf3 {[%emt 0:00:00]} Rf5+ {[%emt 0:00:00]} 32. Ke3 {[%emt 0:00:01]} Bxb1 {[%emt 0:00:00]} 33. Rxb1 {[%emt 0:00:00]} Nf6 {[%emt 0:00:00]} 34. Rg1 {[%emt 0:00:02]} Ng4+ {[%emt 0:00:00]} 35. Ke2 {[%emt 0:00:01]} Rf2+ {[%emt 0:00:01]} 36. Kd3 {[%emt 0:00:00]} d5 {[%emt 0:00:01]} 37. Re1 {[%emt 0:00:01]} Kf6 {[%emt 0:00:01]} 38. cxd5 {[%emt 0:00:01]} exd5 {[%emt 0:00:00]} 39. c4 {[%emt 0:00:00]} c6 {[%emt 0:00:00]} 40. cxd5 {[%emt 0:00:00]} cxd5 {[%emt 0:00:00]} 41. Kc3 {[%emt 0:00:00]} Rf3+ {[%emt 0:00:00]} 42. Kd2 {[%emt 0:00:02]} Ne3 {[%emt 0:00:01]} 43. Rb1 {[%emt 0:00:00]} Nc4+ {[%emt 0:00:01]} 44. Ke2 {[%emt 0:00:01]} Rxg3 {[%emt 0:00:01]} 45. Kf2 {[%emt 0:00:00]} Rc3 {[%emt 0:00:01]} 46. Ke2 {[%emt 0:00:00]} Rc2+ {[%emt 0:00:00]} 47. Kd3 {[%emt 0:00:01]} Rd2+ {[%emt 0:00:00] Zeit Zeit Zeit (Lag: Av=0.71s, max=1.3s) (Lag: Av=0.71s, max=1.3s) (Lag: Av=0.71s, max=1.3s)} 0-1

[Event "Stay Safe Play From Home 409"]
[Site "Emanuel Lasker Arena"]
[Date "2020.08.25"]
[Round "3"]
[White "Stefanone"]
[Black "Mepe_Nika"]
[Result "0-1"]
[WhiteElo "2033"]
[BlackElo "2389"]
[PlyCount "74"]
[EventDate "2020.08.25"]
[EventType "swiss (blitz)"]

1. d4 {[%emt 0:00:01]} d5 {[%emt 0:00:00]} 2. e3 {[%emt 0:00:00]} c6 {[%emt 0:00:00]} 3. f4 {[%emt 0:00:00]} Nf6 {[%emt 0:00:01]} 4. Nf3 {[%emt 0:00:00]} Bf5 {[%emt 0:00:00]} 5. Bd3 {[%emt 0:00:01]} Ne4 {[%emt 0:00:01]} 6. O-O {[%emt 0:00:01]} Nd7 {[%emt 0:00:01]} 7. Qe2 {[%emt 0:00:01]} e6 {[%emt 0:00:01]} 8. Nbd2 {[%emt 0:00:01]} Nxd2 {[%emt 0:00:01]} 9. Bxd2 {[%emt 0:00:01]} Bd6 {[%emt 0:00:02]} 10. Ne5 {[%emt 0:00:01]} O-O {[%emt 0:00:02]} 11. Bxf5 {[%emt 0:00:01]} exf5 {[%emt 0:00:00]} 12. Nxd7 {[%emt 0:00:00]} Qxd7 {[%emt 0:00:01]} 13. Qf2 {[%emt 0:00:00]} Rae8 {[%emt 0:00:01]} 14. a3 {[%emt 0:00:01]} Re6 {[%emt 0:00:01]} 15. Rae1 {[%emt 0:00:01]} Rfe8 {[%emt 0:00:00]} 16. Qf3 {[%emt 0:00:02]} Rg6 {[%emt 0:00:01]} 17. g3 {[%emt 0:00:01]} a6 {[%emt 0:00:01]} 18. Re2 {[%emt 0:00:01]} Rge6 {[%emt 0:00:01]} 19. Rfe1 {[%emt 0:00:01]} Re4 {[%emt 0:00:00]} 20. Rg2 {[%emt 0:00:01]} Qe6 {[%emt 0:00:01]} 21. c3 {[%emt 0:00:01]} Qd7 {[%emt 0:00:01]} 22. h3 {[%emt 0:00:00]} R8e6 {[%emt 0:00:01]} 23. g4 {[%emt 0:00:01]} Rg6 {[%emt 0:00:02]} 24. g5 {[%emt 0:00:01]} Rge6 {[%emt 0:00:01]} 25. h4 {[%emt 0:00:00]} Qe8 {[%emt 0:00:01]} 26. Qh3 {[%emt 0:00:01]} g6 {[%emt 0:00:02]} 27. h5 {[%emt 0:00:01]} Bxf4 {[%emt 0:00:02]} 28. hxg6 {[%emt 0:00:01]} fxg6 {[%emt 0:00:00]} 29. Rge2 {[%emt 0:00:08]} Bxg5 {[%emt 0:00:01]} 30. Qf3 {[%emt 0:00:01]} Rg4+ {[%emt 0:00:01]} 31. Kh2 {[%emt 0:00:01]} Qb8+ {[%emt 0:00:02]} 32. Kh1 {[%emt 0:00:01]} Rg3 {[%emt 0:00:02]} 33. Qf2 {[%emt 0:00:02]} Bh4 {[%emt 0:00:01]} 34. Qh2 {[%emt 0:00:01]} Be7 {[%emt 0:00:08]} 35. Rg2 {[%emt 0:00:02]} Bd6 {[%emt 0:00:00]} 36. Rxg3 {[%emt 0:00:03]} Bxg3 {[%emt 0:00:01]} 37. Qh3 {[%emt 0:00:00]} Bxe1 {[%emt 0:00:01] Stefanone abbandona Stefanone abbandona Stefanone abbandona (Lag: Av=0.40s, max=0.8s) (Lag: Av=0.40s, max=0.8s) (Lag: Av=0.40s, max=0.8s)} 0-1

[Event "Stay Safe Play From Home 409"]
[Site "Emanuel Lasker Arena"]
[Date "2020.08.25"]
[Round "3"]
[White "Trotsky"]
[Black "lazieri3"]
[Result "0-1"]
[WhiteElo "1614"]
[BlackElo "1923"]
[PlyCount "48"]
[EventDate "2020.08.25"]
[EventType "swiss (blitz)"]

1. d4 {[%emt 0:00:02]} c6 {[%emt 0:00:00]} 2. e3 {[%emt 0:00:01]} d5 {[%emt 0:00:00]} 3. c4 {[%emt 0:00:01]} Nf6 {[%emt 0:00:00]} 4. Nc3 {[%emt 0:00:01]} Bg4 {[%emt 0:00:01]} 5. f3 {[%emt 0:00:01]} Bf5 {[%emt 0:00:01]} 6. c5 {[%emt 0:00:01]} e6 {[%emt 0:00:01]} 7. Bd3 {[%emt 0:00:01]} Bxd3 {[%emt 0:00:01]} 8. Qxd3 {[%emt 0:00:01]} b5 {[%emt 0:00:01]} 9. Bd2 {[%emt 0:00:01]} Nbd7 {[%emt 0:00:01]} 10. h4 {[%emt 0:00:01]} h5 {[%emt 0:00:01]} 11. Nh3 {[%emt 0:00:01]} Qc7 {[%emt 0:00:01]} 12. O-O-O {[%emt 0:00:01]} a5 {[%emt 0:00:01]} 13. Kb1 {[%emt 0:00:01]} Be7 {[%emt 0:00:01]} 14. Rc1 {[%emt 0:00:01]} e5 {[%emt 0:00:01]} 15. e4 {[%emt 0:00:08]} exd4 {[%emt 0:00:02]} 16. Ne2 {[%emt 0:00:02]} Nxc5 {[%emt 0:00:03]} 17. Qc2 {[%emt 0:00:07]} dxe4 {[%emt 0:00:03]} 18. Nxd4 {[%emt 0:00:03]} exf3 {[%emt 0:00:03]} 19. gxf3 {[%emt 0:00:02]} O-O-O {[%emt 0:00:02]} 20. Be3 {[%emt 0:00:07]} Nd5 {[%emt 0:00:02]} 21. Bf2 {[%emt 0:00:10]} Bf6 {[%emt 0:00:01]} 22. Nxb5 {[%emt 0:00:02]} cxb5 {[%emt 0:00:03]} 23. Qf5+ {[%emt 0:00:04]} Kb7 {[%emt 0:00:08] ' ' '} 24. Rxc5 {[%emt 0:00:02]} Nc3+ {[%emt 0:00:02] Âðåìÿ Âðåìÿ Âðåìÿ (Lag: Av=0.47s, max=1.1s) (Lag: Av=0.47s, max=1.1s) (Lag: Av=0.47s, max=1.1s)} 0-1